| 000 | 00543nam a22001817a 4500 | ||
|---|---|---|---|
| 003 | CEME | ||
| 005 | 20210628203021.0 | ||
| 008 | 210128b xxu||||| |||| 00| 0 eng d | ||
| 020 | _a9780713994810 | ||
| 040 | _c. | ||
| 082 | _a335.4 PRI | ||
| 100 |
_aPriestland, David _962886 |
||
| 245 | _aThe red flag ,communism and the making of the modern world | ||
| 260 |
_aGREAT BRITAIN _bPENGUIN BOOKS _c2009 |
||
| 300 | _aXXVII,675P | ||
| 650 |
_aPAST COMMUNISM.WORLD POLITICAN - 20TH CENTUREY.INTERNATIONAL RELATIONS _962887 |
||
| 942 |
_cBK _2ddc |
||
| 999 |
_c571846 _d571846 |
||